| 000 | 00780nam a22002297a 4500 | ||
|---|---|---|---|
| 999 |
_c1409 _d1409 |
||
| 001 | 1409 | ||
| 003 | BD-JhCC | ||
| 005 | 20171018203118.0 | ||
| 008 | 171018s2013 bg |||| ||a| 00| 0 ben d | ||
| 020 | _a9844101689 | ||
| 035 | _a(BD-JhCC)1409 | ||
| 040 |
_aBD-JhCC _dBD-JhCC |
||
| 041 | _aben | ||
| 082 |
_a321.8 _bAHM 2013 |
||
| 100 | _aআহমদ, সালাহউদ্দীন | ||
| 245 |
_aইতিহাস ঐতিহ্য জাতীয়তাবাদ গণতন্ত্র; _bনির্বাচিত প্রবন্ধ / _cসালাহউদ্দীন আহমদ |
||
| 260 |
_aঢাকা : _bপ্রথমা প্রকাশন, _c2013. |
||
| 300 |
_a343 p. : _c22 cm. |
||
| 650 | _aDemocracy | ||
| 942 |
_2ddc _cBK |
||